| 000 | 00616nam a2200241Ia 4500 | ||
|---|---|---|---|
| 001 | 18343 | ||
| 003 | GE_BSU | ||
| 008 | 181216s||||||||xx |||||||||||||| ||und|| | ||
| 020 | _a9781471503221 | ||
| 040 | _cGE_BSU | ||
| 100 | _aEvans, Virginia. Dooley,Jenny | ||
| 245 | _aPrime Time 5. Workbook & Grammar book | ||
| 260 | _aNewbury | ||
| 260 | _bExpress Publishing | ||
| 260 | _c2013 | ||
| 300 | _a176p.30 cm. | ||
| 541 | _h21 Gel. | ||
| 653 | _aPrime Time 5 | ||
| 653 | _aWorkbook & Grammar book | ||
| 653 | _aგრამატიკა | ||
| 653 | _aინგლისური ენა | ||
| 942 | _cBK | ||
| 999 |
_c51361 _d51361 |
||